000 00387nam a2200133 i 4500
001 bg
100 1 _aJAŚKIEWICZ, Wacław
245 0 _aWykreślno-analityczna charakterystyka 2-wymiarowych układów wielkości (łańcuchów) tolerowanych /
_cW. Jaśkiewicz.
260 _aLublin,
_c1985.
040 _cBPK
041 _apol
942 _cKS
008 s pl f |000 0 pol
999 _c23328
_d23328
856 _uhttp://koha.tu.koszalin.pl/cgi-bin/koha/opac-detail.pl?biblionumber=23328
_yKatalog online BPK